| 000 -LEADER |
| fixed length control field |
00362nam a22000977a 4500 |
| 082 ## - DEWEY DECIMAL CLASSIFICATION NUMBER |
| Classification number |
H52x54 A151 |
| 245 ## - TITLE STATEMENT |
| Title |
All India Major Criminal Acts |
| Remainder of title |
Criminal Procedure Code As Amended Up to Date Indian Penal Code As Amended Up to Date Indian Evidence(Amended Up to Date) |
| 260 ## - PUBLICATION, DISTRIBUTION, ETC. (IMPRINT) |
| Place of publication, distribution, etc |
Allahabad |
| Name of publisher, distributor, etc |
Allahabad Law Agency |
| 300 ## - PHYSICAL DESCRIPTION |
| Extent |
42p. |
| 650 ## - SUBJECT ADDED ENTRY--TOPICAL TERM |
| Topical term or geographic name as entry element |
Most Frequent |
| 9 (RLIN) |
10936 |